[Event "Schachfestival Open-A 2018"]
[Site "Lueneburg"]
[Date "2018.07.12"]
[Round "8"]
[White "von Estorff, Jacob"]
[Black "Buchenau, Frank"]
[Result "1-0"]
[WhiteElo "1838"]
[BlackElo "2275"]
[Annotator "NA"]
[PlyCount "81"]
[EventDate "2018.07.06"]
[EventType "swiss"]
[EventCountry "GER"]
[SourceTitle "playchess.com"]
[Source "ChessBase"]
[SourceQuality "1"]
[TimeControl "40/5400+30:1800+30"]

1. e4 {[%emt 0:00:00]} c6 {[%emt 0:00:00]} 2. d4 {[%emt 0:00:47]} d5 {[%emt 0:00:56]} 3. Nd2 {[%emt 0:03:04]} dxe4 {[%emt 0:00:33]} 4. Nxe4 {[%emt 0:00:05]} Bf5 {[%emt 0:00:21]} 5. Ng3 {[%emt 0:01:09]} Bg6 {[%emt 0:00:06]} 6. Nf3 {[%emt 0:02:10]} Nd7 {[%emt 0:00:27]} 7. c3 {[%emt 0:04:02]} e6 {[%emt 0:01:30]} 8. Bd3 {[%emt 0:02:43]} Ngf6 {[%emt 0:02:57]} 9. O-O {[%emt 0:01:22]} Bd6 {[%emt 0:01:21]} 10. Re1 {[%emt 0:03:10]} Qc7 {[%emt 0:02:26]} 11. Qe2 {[%emt 0:05:09]} Bxd3 {[%emt 0:01:35]} 12. Qxd3 {[%emt 0:00:08]} O-O {[%emt 0:00:56]} 13. Bd2 {[%emt 0:09:14]} c5 {[%emt 0:02:18]} 14. Rad1 {[%emt 0:14:05]} cxd4 {[%emt 0:07:10]} 15. Nxd4 {[%emt 0:00:35]} a6 {[%emt 0:05:24]} 16. Bg5 {[%emt 0:13:20]} Nd5 {[%emt 0:11:26]} 17. c4 {[%emt 0:22:48]} Nc5 {[%emt 0:10:09]} 18. Qd2 {[%emt 0:06:45]} Nf4 {[%emt 0:06:44]} 19. b4 {[%emt 0:04:05]} Ncd3 {[%emt 0:00:15]} 20. Bxf4 {[%emt 0:00:11]} Nxf4 {[%emt 0:01:17]} 21. c5 {[%emt 0:00:42]} Be7 {[%emt 0:05:39]} 22. Ne4 {[%emt 0:01:56]} Rad8 {[%emt 0:01:28]} 23. Qc2 {[%emt 0:00:54]} Rd5 {[%emt 0:01:49]} 24. Nf3 {[%emt 0:01:05]} Rfd8 {[%emt 0:01:35]} 25. Nc3 {[%emt 0:00:50]} Rd3 {[%emt 0:01:00]} 26. Ne5 {[%emt 0:01:21]} Rxd1 {[%emt 0:04:09]} 27. Nxd1 {[%emt 0:00:01]} Bf6 {[%emt 0:09:12]} 28. Ng4 {[%emt 0:00:19]} Bd4 {[%emt 0:00:25]} 29. Nge3 {[%emt 0:01:02]} Qe5 {[%emt 0:03:24]} 30. a3 {[%emt 0:00:48]} g6 {[%emt 0:03:09]} 31. g3 {[%emt 0:00:48]} Nd5 {[%emt 0:01:15]} 32. Qe2 {[%emt 0:00:10]} Qe4 {[%emt 0:02:46]} 33. Nxd5 {[%emt 0:00:25]} Qxd5 {[%emt 0:00:20]} 34. Ne3 {[%emt 0:00:12]} Qb3 {[%emt 0:00:58]} 35. Nc4 {[%emt 0:01:19]} Rd5 {[%emt 0:00:46]} 36. Kg2 {[%emt 0:00:38]} Bc3 {[%emt 0:03:22]} 37. Rc1 {[%emt 0:00:33]} Rd4 {[%emt 0:00:38]} 38. Nd6 {[%emt 0:00:31]} Qb2 {[%emt 0:06:12]} 39. Rc2 {[%emt 0:00:27]} Qa1 {[%emt 0:00:08]} 40. Qf3 {[%emt 0:00:29]} Bd2 {[%emt 0:02:41]} 41. Qxf7+ {[%emt 0:00:22]} 1-0

[Event "Schachfestival Open-A 2018"]
[Site "Lueneburg"]
[Date "2018.07.13"]
[Round "9"]
[White "Mirzoev, Azer"]
[Black "Stork, Oliver"]
[Result "1-0"]
[WhiteElo "2506"]
[BlackElo "2111"]
[Annotator "TA"]
[PlyCount "55"]
[EventDate "2018.07.06"]
[EventType "swiss"]
[EventCountry "GER"]
[SourceTitle "playchess.com"]
[Source "ChessBase"]
[SourceQuality "1"]

{[%evp 14,55,14,-10,43,20,28,33,56,54,41,40,41,38,39,27,54,38,60,70,161,162,163,172,181,180,168,181,167,173,175,177,183,157,317,267,481,421,728,743,767,710,910,807]} 1. d4 d5 2. c4 e6 3. Nc3 Be7 4. Nf3 Nf6 5. Bf4 O-O 6. e3 Nbd7 {[%cal Bb8d7,Bd7c5,Bc5e4][%mdl 32]} 7. Rc1 c5 {D37: Queen's Gambit Declined: 5 Bf4} 8. cxd5 {LiveBook: 15 Games} (8. a3 b6 9. cxd5 Nxd5 10. Nxd5 exd5 11. Bb5 Bb7 12. dxc5 bxc5 13. O-O Nf6 14. Bd3 Qb6 15. Be5 {1-0 (55) Kovalenko,I (2626)-Dourerassou,J (2489) Orsay 2018}) 8... exd5 (8... Nxd5 $11 9. Nxd5 exd5) 9. dxc5 Nxc5 {The position is equal.} 10. Be2 Bf5 $146 ({Predecessor:} 10... Be6 11. O-O Nfe4 12. Nb5 Rc8 13. b4 Nd7 {½-½ (50) Raghunandan,K (2295)-Narciso Dublan,M (2520) Montcada 2016}) 11. O-O Rc8 12. Be5 Nce4 13. h3 a6 14. a3 Qa5 15. Bd4 Rfd8 16. Qb3 Bc5 ({Black should try} 16... b5 $1 $14) 17. Qxb7 $18 {[#] Threatens to win with b4.} Bxd4 18. Nxd4 ({Much less strong is} 18. exd4 $6 Rb8 $14) 18... Nxc3 19. Rxc3 Rxc3 20. bxc3 {[%cal Bb2c3,Bc3c4][%mdl 32]} ({Stronger than} 20. Nxf5 Rc7 $11) 20... Bc8 21. Qb4 Qc7 22. Rb1 Ne4 23. c4 Qe5 $2 {[#]} (23... dxc4 $16 24. Bxc4 (24. Qxc4 Qxc4 25. Bxc4 Nd2 $16) 24... a5) 24. cxd5 Qg5 $2 (24... Qxd5 {keeps fighting.} 25. Qe7 Nf6) 25. Nf3 {White is clearly winning.} Qg6 (25... Qf6 $142 26. Qxe4 Bf5) 26. Nh4 Qf6 27. Qxe4 g5 28. Bg4 {Precision: White = 77%, Black = 31%.} 1-0

[Event "Schachfestival Open-A 2018"]
[Site "Lueneburg"]
[Date "2018.07.13"]
[Round "9"]
[White "Malakhatko, Vadim"]
[Black "Genov, Petar"]
[Result "1-0"]
[WhiteElo "2499"]
[BlackElo "2435"]
[Annotator "TA"]
[PlyCount "151"]
[EventDate "2018.07.06"]
[EventType "swiss"]
[EventCountry "GER"]
[SourceTitle "playchess.com"]
[Source "ChessBase"]
[SourceQuality "1"]

{[%evp 20,151,28,22,37,31,51,42,37,26,26,26,55,22,26,18,60,57,69,72,79,66,85,87,83,86,102,79,94,75,90,56,89,93,97,103,109,83,80,97,77,86,77,73,91,76,106,87,94,72,95,77,106,107,129,122,118,114,124,103,118,73,79,91,82,97,84,82,88,88,105,96,129,102,163,102,134,95,138,99,122,83,69,54,67,44,61,61,61,61,57,60,61,14,18,8,8,0,14,15,35,12,13,0,20,18,198,198,198,198,320,309,299,267,527,530,519,528,1578,1574,1239,524,5647,5011,5293,5197,29967,12598,29977,29978,29979,29979,29981,29982]} 1. d4 Nf6 2. c4 e6 3. Nf3 Bb4+ 4. Nbd2 b6 5. a3 Bxd2+ 6. Qxd2 Bb7 7. e3 d6 8. b3 Nbd7 9. Bb2 Qe7 10. Be2 O-O 11. O-O {LiveBook: 20 Games} Rfd8 {E14: Queen's Indian: Classical Variation (4 e3)} (11... c5 12. Rfd1 Rfd8 13. Rac1 Rac8 14. a4 a5 15. Qc2 Be4 16. Qc3 Nf8 17. Nd2 Bb7 18. Nf1 Ng6 19. Ng3 e5 {1-0 (46) Postny,E (2658)-Andersson,U (2510) Bad Wiessee 2015}) 12. Rfd1 Rac8 $146 ({Predecessor:} 12... c5 13. b4 Ne4 14. Qc2 Rac8 15. dxc5 bxc5 16. b5 d5 17. a4 Nd6 18. Ne5 Nxe5 19. Bxe5 Nxc4 20. Bxc4 dxc4 21. Qxc4 {½-½ (21) Alvarez Pedraza,A (2474)-Gonzalez Zamora,J (2532) Cuernavaca 2015}) 13. Qe1 c5 {White is slightly better.} 14. Nd2 cxd4 15. exd4 Ne4 16. Nf1 d5 17. Ne3 Nef6 18. a4 {[%cal Ba3a4,Ba4a5][%mdl 32]} Qd6 19. a5 h6 20. Bf1 Re8 21. f3 Bc6 22. Bc3 {[%cal Bb2c3,Bc3d2,Bd2e3][%mdl 32]} Rb8 23. Qd2 Qf4 24. axb6 (24. Re1 {looks sharper.} Rbc8 25. Bd3 Rb8 26. axb6 axb6 27. Nc2) 24... axb6 25. Nc2 Qxd2 26. Bxd2 Ra8 27. Nb4 Bb7 28. Be3 dxc4 29. bxc4 Rxa1 30. Rxa1 Ra8 31. Rb1 Rc8 32. Bf2 Kf8 33. Bg3 Ne8 34. Na2 Bc6 35. Nc3 Nef6 36. Bd6+ Kg8 37. Ra1 Ne8 38. Bb4 Ra8 39. Rd1 Nef6 40. d5 Bb7 41. dxe6 fxe6 42. Nb5 e5 43. Re1 Bc6 44. Nd6 Rd8 45. Bc3 Ba8 46. Nf5 Re8 {[#]} (46... Kf7 $16 47. Rd1 Rf8) 47. h3 (47. Ra1 $1 $18) 47... h5 48. Nd6 Rd8 49. Re3 g6 50. Nb5 e4 51. f4 Kf7 $1 52. Bd4 Nc5 53. Ra3 Bc6 54. Ra7+ Rd7 55. Rxd7+ Bxd7 56. Nc3 Bc6 $1 57. Kf2 h4 58. Be2 Ne8 59. Nb5 Ne6 {[#] aiming for ...Bxb5.} 60. Be3 {next Nd4 is good for White.} Nc5 61. Bd4 Ke7 62. Ke3 Nd6 $2 (62... Bxb5 $11 {and Black is okay.} 63. cxb5 Nd6) 63. Nxd6 $18 Kxd6 {[%mdl 4096] Endgame KBB-KBN} 64. Bf6 Na4 (64... Nd3 $142 65. Bxh4 Kc5) 65. Bxh4 Nc3 66. Bf1 b5 $2 (66... Nd1+ 67. Kd4 Nb2) 67. Kd4 b4 68. Be1 e3 {Threatens to win with ...e2.} 69. Bxc3 bxc3 70. Kxc3 {KB-KB} (70. Kd3 $142 e2 71. Bxe2) 70... Be4 71. g3 Kc5 72. Bd3 Bg2 73. h4 {[%cal Bh3h4,Bh4h5][%mdl 32]} Bf3 74. Bxg6 {White mates.} e2 75. Kd2 Kxc4 76. h5 {Precision: White = 58%, Black = 33%.} 1-0

[Event "Schachfestival Open-A 2018"]
[Site "Lueneburg"]
[Date "2018.07.13"]
[Round "9"]
[White "Karpatchev, Aleksandr"]
[Black "Ramme, Christoph"]
[Result "1-0"]
[WhiteElo "2469"]
[BlackElo "2158"]
[Annotator "TA"]
[PlyCount "103"]
[EventDate "2018.07.06"]
[EventType "swiss"]
[EventCountry "GER"]
[SourceTitle "playchess.com"]
[Source "ChessBase"]
[SourceQuality "1"]

{[%evp 15,103,-4,0,7,20,0,0,-8,132,60,59,54,64,55,72,47,44,31,47,28,53,60,57,64,70,54,90,65,81,51,51,51,54,20,33,30,30,30,30,44,24,0,25,6,0,0,0,0,0,0,0,-10,0,0,0,-12,-5,-6,0,-16,12,6,18,22,22,21,54,54,71,55,90,88,261,262,303,234,226,111,131,113,2768,2956,3091,2499,3062,2923,2908,2052,2866,2739]} 1. e4 c5 2. c3 Nf6 3. e5 Nd5 4. Nf3 d6 5. Bc4 dxe5 (5... e6 6. d4 Nc6 7. O-O cxd4 8. cxd4 Be7 9. exd6 Qxd6 10. Nc3 Nxc3 11. bxc3 O-O 12. Re1 Qd8 13. Qe2 b6 14. d5 Na5 15. dxe6 Nxc4 16. exf7+ Kh8 17. Qxc4 Bb7 18. Ne5 Bd6 19. Bf4 Rc8 20. Qe6 Qf6 21. Ng6+ Qxg6 22. Qxg6 hxg6 23. Bxd6 Rxf7 {½-½ (86) Jones,G (2660)-Cori Tello,J (2641) Tbilisi 2017}) 6. Nxe5 {B22: Sicilian: 2 c3} e6 7. d4 Be7 8. O-O O-O {LiveBook: 3 Games} 9. Bb3 $146 ({Predecessor:} 9. dxc5 Bxc5 10. Nd2 Nc6 11. Nef3 Be7 12. Ne4 Nb6 {0-1 (67) Bryant,J (2443)-Moradiabadi,E (2550) Las Vegas 2017}) 9... Nd7 10. Qe2 cxd4 11. cxd4 f5 {[#]} (11... Nxe5 $11 12. dxe5 Bd7) 12. Nf3 (12. Ng6 $1 $16 {[%mdl 512]} hxg6 13. Qxe6+ Kh8 14. Qxd5) 12... N7b6 $14 13. Nc3 Bf6 14. Re1 Re8 15. Bd2 Bd7 16. Ne5 Bc6 17. Rac1 Qd6 18. Nb5 Bxb5 $1 19. Qxb5 Rec8 20. Nf3 h6 21. g3 (21. Rc5 {with more complications.} Re8 22. Qd3 Kh8 23. h3 Rad8 24. Rc2) 21... a6 22. Rxc8+ Rxc8 23. Qe2 {Strongly threatening Bb4!} Rc6 24. g4 fxg4 25. Ne5 Bxe5 $1 26. dxe5 Qd7 27. Qxg4 Kh8 28. a4 Qc8 29. Qh5 {aiming for a5.} Qf8 30. Re4 Ne7 31. Rf4 Qd8 32. Qd1 Nbd5 33. Rg4 Qf8 34. Bc2 Qf7 35. a5 Rc8 36. Bd3 Rf8 37. Qe2 Qf3 (37... Nc6 {keeps more tension.} 38. f4 Nd4 39. Qe4 Nf5 40. Rg2 Qh5) 38. Qxf3 Rxf3 39. Rg3 Rf8 40. Be4 Rc8 41. Rb3 Rc7 42. h4 Nc6 {[#]} 43. f4 $1 {[%cal Rf4f5]} Nd4 $2 (43... Rd7 $16) 44. Rd3 $18 Rc4 {Threatens to win with ...Ne2+.} 45. Bxd5 exd5 {[%mdl 4096] Endgame KRB-KRN} 46. b3 (46. Kf2 $18 Ne6 47. f5 (47. Rxd5 Nxf4 48. Rd7 Kh7 $16)) 46... Ne2+ $16 47. Kf1 Nc1 $2 {[%mdl 8192]} (47... Re4 $16) 48. bxc4 $18 {[%cal Bb3c4,Bc4d5][%mdl 32] White is clearly winning.} Nxd3 49. cxd5 Kg8 50. Ke2 Nb2 51. h5 Kf7 52. e6+ {Precision: White = 48%, Black = 37%.} 1-0

[Event "Schachfestival Open-A 2018"]
[Site "Lueneburg"]
[Date "2018.07.13"]
[Round "9"]
[White "Simantsev, Mikhail"]
[Black "Vorobiov, Evgeny E"]
[Result "1/2-1/2"]
[WhiteElo "2434"]
[BlackElo "2564"]
[Annotator "TA"]
[PlyCount "39"]
[EventDate "2018.07.06"]
[EventType "swiss"]
[EventCountry "GER"]
[SourceTitle "playchess.com"]
[Source "ChessBase"]
[SourceQuality "1"]

{[%evp 21,23,19,14,20]} 1. c4 e5 2. Nc3 d6 3. g3 g6 4. Bg2 Bg7 5. e3 Nf6 6. Nge2 O-O 7. O-O c6 8. d4 Nbd7 9. b3 Re8 10. Ba3 Nf8 11. dxe5 dxe5 {LiveBook: 4 Games} 12. Qxd8 {E61: King's Indian: Early deviations for White, including Smyslov System} {Predecessor:} Rxd8 $146 13. Rad1 Bf5 14. Be7 Rxd1 15. Rxd1 N8d7 16. h3 h5 17. f3 Bf8 18. Bxf8 Kxf8 19. g4 hxg4 20. hxg4 {0-1 (50) Muse,D (2443)-Hansen,C (2616) Germany 2003} 1/2-1/2

[Event "Schachfestival Open-A 2018"]
[Site "Lueneburg"]
[Date "2018.07.13"]
[Round "9"]
[White "Kumsiashvili, Nikoloz"]
[Black "Herrmann, Andreas"]
[Result "1-0"]
[WhiteElo "2411"]
[BlackElo "2171"]
[Annotator "NA"]
[PlyCount "92"]
[EventDate "2018.07.06"]
[EventType "swiss"]
[EventCountry "GER"]
[SourceTitle "playchess.com"]
[Source "ChessBase"]
[SourceQuality "1"]
[TimeControl "40/5400+30:1800+30"]

1. d4 {[%emt 0:00:00]} Nf6 {[%emt 0:00:00]} 2. c4 {[%emt 0:00:00]} c5 {[%emt 0:00:00]} 3. d5 {[%emt 0:00:00]} e5 {[%emt 0:00:00]} 4. Nc3 {[%emt 0:00:00]} d6 {[%emt 0:00:00]} 5. e4 {[%emt 0:00:00]} Be7 {[%emt 0:00:00]} 6. Bd3 {[%emt 0:00:27]} Nbd7 {[%emt 0:00:06]} 7. Be3 {[%emt 0:00:15]} Nf8 {[%emt 0:00:06]} 8. f3 {[%emt 0:00:25]} Ng6 {[%emt 0:00:13]} 9. Nge2 {[%emt 0:00:05]} a6 {[%emt 0:00:11]} 10. O-O {[%emt 0:01:39]} O-O {[%emt 0:00:06]} 11. a3 {[%emt 0:00:02]} Bd7 {[%emt 0:01:45]} 12. b4 {[%emt 0:01:05]} b6 {[%emt 0:00:06]} 13. Rb1 {[%emt 0:01:50]} Ne8 {[%emt 0:00:18]} 14. Qd2 {[%emt 0:02:15]} h6 {[%emt 0:00:19]} 15. Bc2 {[%emt 0:01:58]} Bg5 {[%emt 0:00:12]} 16. Bxg5 {[%emt 0:00:45]} hxg5 {[%emt 0:00:09]} 17. bxc5 {[%emt 0:00:03]} bxc5 {[%emt 0:00:19]} 18. Ba4 {[%emt 0:00:04]} Bc8 {[%emt 0:00:40]} 19. Bc6 {[%emt 0:00:41]} Ra7 {[%emt 0:00:07]} 20. Rb8 {[%emt 0:00:19]} Ne7 {[%emt 0:04:09]} 21. Qxg5 {[%emt 0:05:36]} f6 {[%emt 0:04:25]} 22. Qd2 {[%emt 0:00:54]} Qc7 {[%emt 0:00:46]} 23. Rfb1 {[%emt 0:00:36]} Nxc6 {[%emt 0:00:33]} 24. dxc6 {[%emt 0:00:05]} Qxc6 {[%emt 0:00:58]} 25. Qd5+ {[%emt 0:05:26]} Qxd5 {[%emt 0:00:14]} 26. Nxd5 {[%emt 0:00:01]} Be6 {[%emt 0:00:41]} 27. Nec3 {[%emt 0:01:11]} f5 {[%emt 0:03:21]} 28. Rd8 {[%emt 0:00:49]} fxe4 {[%emt 0:00:13]} 29. Nxe4 {[%emt 0:00:11]} Bf5 {[%emt 0:00:20]} 30. Rbb8 {[%emt 0:02:29]} Bxe4 {[%emt 0:00:12]} 31. fxe4 {[%emt 0:00:01]} Raf7 {[%emt 0:00:26]} 32. h3 {[%emt 0:00:29]} Nf6 {[%emt 0:04:09]} 33. Rxf8+ {[%emt 0:01:47]} Rxf8 {[%emt 0:00:27]} 34. Rxf8+ {[%emt 0:00:03]} Kxf8 {[%emt 0:00:10]} 35. Nxf6 {[%emt 0:00:03]} gxf6 {[%emt 0:00:07]} 36. Kf2 {[%emt 0:00:57]} Kf7 {[%emt 0:01:36]} 37. Kf3 {[%emt 0:01:15]} Kg6 {[%emt 0:00:48]} 38. g4 {[%emt 0:01:19]} Kg5 {[%emt 0:01:23]} 39. Kg3 {[%emt 0:00:05]} Kg6 {[%emt 0:00:14]} 40. h4 {[%emt 0:00:09]} Kh6 {[%emt 0:06:27]} 41. Kh3 {[%emt 0:30:02]} Kg6 {[%emt 0:30:34]} 42. h5+ {[%emt 0:00:08]} Kg7 {[%emt 0:00:27]} 43. Kh4 {[%emt 0:00:16]} Kh6 44. g5+ fxg5+ 45. Kg4 d5 46. exd5 e4 1-0

[Event "Schachfestival Open-A 2018"]
[Site "Lueneburg"]
[Date "2018.07.13"]
[Round "9"]
[White "Sriram, Jha"]
[Black "Marzik, Hans"]
[Result "1/2-1/2"]
[WhiteElo "2409"]
[BlackElo "2121"]
[Annotator "NA"]
[PlyCount "121"]
[EventDate "2018.07.06"]
[EventType "swiss"]
[EventCountry "GER"]
[SourceTitle "playchess.com"]
[Source "ChessBase"]
[SourceQuality "1"]
[TimeControl "40/5400+30:1800+30"]

1. d4 {[%emt 0:00:00]} Nf6 {[%emt 0:00:00]} 2. c4 {[%emt 0:00:00]} g6 {[%emt 0:00:00]} 3. Nc3 {[%emt 0:00:00]} Bg7 {[%emt 0:00:00]} 4. e4 {[%emt 0:00:00]} O-O {[%emt 0:00:00]} 5. Nge2 {[%emt 0:00:09]} d6 {[%emt 0:01:11]} 6. f3 {[%emt 0:00:06]} c6 {[%emt 0:00:37]} 7. Be3 {[%emt 0:00:12]} a6 {[%emt 0:00:05]} 8. c5 {[%emt 0:01:23]} Nbd7 {[%emt 0:07:36]} 9. cxd6 {[%emt 0:03:37]} exd6 {[%emt 0:00:05]} 10. Nf4 {[%emt 0:00:31]} b5 {[%emt 0:01:46]} 11. Be2 {[%emt 0:00:13]} Nb6 {[%emt 0:02:13]} 12. O-O {[%emt 0:00:59]} Rb8 {[%emt 0:03:21]} 13. Rc1 {[%emt 0:04:40]} Re8 {[%emt 0:01:02]} 14. Bf2 {[%emt 0:01:22]} Bh6 {[%emt 0:05:50]} 15. g3 {[%emt 0:02:23]} d5 {[%emt 0:12:22]} 16. e5 {[%emt 0:19:34]} Bxf4 {[%emt 0:01:52]} 17. gxf4 {[%emt 0:00:07]} Nh5 {[%emt 0:00:00]} 18. Bg3 {[%emt 0:02:34]} Bf5 {[%emt 0:00:21]} 19. b3 {[%emt 0:00:14]} Nd7 {[%emt 0:01:38]} 20. Qd2 {[%emt 0:00:23]} Nf8 {[%emt 0:00:21]} 21. Nd1 {[%emt 0:00:13]} Rc8 {[%emt 0:01:29]} 22. Ne3 {[%emt 0:00:26]} Ng7 {[%emt 0:18:32]} 23. Ng4 {[%emt 0:01:00]} Bxg4 {[%emt 0:00:05]} 24. fxg4 {[%emt 0:00:03]} f5 {[%emt 0:00:04]} 25. exf6 {[%emt 0:01:08]} Qxf6 {[%emt 0:00:03]} 26. f5 {[%emt 0:02:06]} gxf5 {[%emt 0:01:05]} 27. gxf5 {[%emt 0:02:10]} Nd7 {[%emt 0:01:29]} 28. Bf3 {[%emt 0:02:37]} Rf8 {[%emt 0:08:02]} 29. Bg4 {[%emt 0:06:50]} Rce8 {[%emt 0:02:12]} 30. Qf2 {[%emt 0:08:22]} h5 {[%emt 0:06:22]} 31. Bh3 {[%emt 0:01:20]} Re4 {[%emt 0:01:15]} 32. Bg2 {[%emt 0:11:40]} h4 {[%emt 0:07:52]} 33. Bf4 {[%emt 0:06:24]} Ree8 {[%emt 0:04:48]} 34. Bh3 {[%emt 0:03:42]} Rf7 {[%emt 0:06:20]} 35. Qd2 {[%emt 0:09:26]} Nh5 {[%emt 0:02:36]} 36. Kh1 {[%emt 0:03:29]} Nxf4 {[%emt 0:03:47]} 37. Qxf4 {[%emt 0:00:31]} Rg7 {[%emt 0:00:14]} 38. Rce1 {[%emt 0:01:00]} Rxe1 {[%emt 0:00:17]} 39. Rxe1 {[%emt 0:00:01]} c5 {[%emt 0:01:17]} 40. Bg2 {[%emt 0:05:32]} Qxd4 {[%emt 0:00:19]} 41. Qxd4 {[%emt 0:30:30]} cxd4 {[%emt 0:30:03]} 42. Bxd5+ {[%emt 0:00:02]} Kf8 {[%emt 0:00:22]} 43. Re4 {[%emt 0:00:00]} Nf6 {[%emt 0:00:00]} 44. Re5 {[%emt 0:00:00]} h3 {[%emt 0:00:00]} 45. Bf3 {[%emt 0:00:00]} Re7 {[%emt 0:00:00]} 46. Re2 {[%emt 0:00:00]} Rxe2 {[%emt 0:00:00]} 47. Bxe2 {[%emt 0:00:00]} Ke7 {[%emt 0:00:00]} 48. Kg1 {[%emt 0:00:00]} Ne4 {[%emt 0:00:00]} 49. a4 {[%emt 0:00:00]} bxa4 {[%emt 0:00:00]} 50. bxa4 {[%emt 0:00:00]} Nc3 {[%emt 0:00:00]} 51. Bxa6 Nxa4 {[%emt 0:00:00]} 52. Kf2 {[%emt 0:00:00]} Nc5 {[%emt 0:00:00]} 53. Bf1 {[%emt 0:00:00]} Ne4+ {[%emt 0:00:00]} 54. Ke2 {[%emt 0:00:00]} Kf6 {[%emt 0:00:00]} 55. Bxh3 {[%emt 0:00:00]} Nd6 {[%emt 0:00:00]} 56. Kd3 {[%emt 0:00:00]} Nxf5 {[%emt 0:00:00]} 57. Ke4 {[%emt 0:00:00]} Nh4 {[%emt 0:01:19]} 58. Bg4 {[%emt 0:00:00]} Kg5 {[%emt 0:00:09]} 59. h3 {[%emt 0:00:00]} Ng2 {[%emt 0:00:06]} 60. Kxd4 {[%emt 0:00:00]} Nf4 {[%emt 0:00:04]} 61. Ke4 1/2-1/2

[Event "Schachfestival Open-A 2018"]
[Site "Lueneburg"]
[Date "2018.07.13"]
[Round "9"]
[White "Colpe, Malte"]
[Black "von Estorff, Jacob"]
[Result "1-0"]
[WhiteElo "2382"]
[BlackElo "1838"]
[Annotator "NA"]
[PlyCount "49"]
[EventDate "2018.07.06"]
[EventType "swiss"]
[EventCountry "GER"]
[SourceTitle "playchess.com"]
[Source "ChessBase"]
[SourceQuality "1"]
[TimeControl "40/5400+30:1800+30"]

1. d4 {[%emt 0:00:00]} d5 {[%emt 0:00:04]} 2. c4 {[%emt 0:00:10]} e6 {[%emt 0:00:09]} 3. Nc3 {[%emt 0:00:19]} Nf6 {[%emt 0:00:03]} 4. Nf3 {[%emt 0:00:23]} c5 {[%emt 0:03:25]} 5. cxd5 {[%emt 0:00:53]} Nxd5 {[%emt 0:01:01]} 6. e4 {[%emt 0:01:39]} Nxc3 {[%emt 0:07:57]} 7. bxc3 {[%emt 0:00:08]} cxd4 {[%emt 0:03:57]} 8. cxd4 {[%emt 0:00:09]} Nc6 {[%emt 0:03:14]} 9. Bc4 {[%emt 0:07:19]} Bb4+ {[%emt 0:06:06]} 10. Bd2 {[%emt 0:02:01]} O-O {[%emt 0:01:33]} 11. Bxb4 {[%emt 0:03:13]} Nxb4 {[%emt 0:02:25]} 12. O-O {[%emt 0:00:24]} Nc6 {[%emt 0:10:01]} 13. Rc1 {[%emt 0:04:56]} Na5 {[%emt 0:02:11]} 14. Bd3 {[%emt 0:02:17]} b6 {[%emt 0:01:15]} 15. Qd2 {[%emt 0:06:18]} Bb7 {[%emt 0:00:58]} 16. Qf4 {[%emt 0:02:03]} Qf6 {[%emt 0:03:03]} 17. Qg3 {[%emt 0:10:34]} Qg6 {[%emt 0:07:19]} 18. Qh3 {[%emt 0:02:47]} Nc6 {[%emt 0:09:34]} 19. Rxc6 {[%emt 0:03:36]} Bxc6 {[%emt 0:01:27]} 20. Ne5 {[%emt 0:00:07]} Qg5 {[%emt 0:04:24]} 21. Nxc6 {[%emt 0:01:10]} Qd2 {[%emt 0:03:43]} 22. d5 {[%emt 0:07:41]} Qxa2 {[%emt 0:11:16]} 23. e5 {[%emt 0:01:10]} h6 {[%emt 0:00:04]} 24. d6 {[%emt 0:05:08]} a5 {[%emt 0:01:31]} 25. Qe3 {[%emt 0:01:47]} 1-0

[Event "Schachfestival Open-A 2018"]
[Site "Lueneburg"]
[Date "2018.07.13"]
[Round "9"]
[White "Buchenau, Frank"]
[Black "Hesse, Henrik"]
[Result "1-0"]
[WhiteElo "2275"]
[BlackElo "2057"]
[Annotator "NA"]
[PlyCount "77"]
[EventDate "2018.07.06"]
[EventType "swiss"]
[EventCountry "GER"]
[SourceTitle "playchess.com"]
[Source "ChessBase"]
[SourceQuality "1"]
[TimeControl "40/5400+30:1800+30"]

1. e4 {[%emt 0:00:00]} g6 {[%emt 0:00:23]} 2. d4 {[%emt 0:00:00]} Bg7 {[%emt 0:00:05]} 3. Nc3 {[%emt 0:00:22]} d5 {[%emt 0:00:09]} 4. exd5 {[%emt 0:00:37]} Nf6 {[%emt 0:01:05]} 5. Bc4 {[%emt 0:00:51]} O-O {[%emt 0:02:40]} 6. Nge2 {[%emt 0:05:03]} Nbd7 {[%emt 0:00:47]} 7. Nf4 {[%emt 0:00:23]} Nb6 {[%emt 0:02:15]} 8. Bb3 {[%emt 0:00:09]} Bf5 {[%emt 0:07:45]} 9. O-O {[%emt 0:04:11]} h6 {[%emt 0:06:23]} 10. Re1 {[%emt 0:05:46]} Re8 {[%emt 0:03:47]} 11. h3 {[%emt 0:04:14]} g5 {[%emt 0:03:08]} 12. Nh5 {[%emt 0:01:31]} Nxh5 {[%emt 0:00:23]} 13. Qxh5 {[%emt 0:00:08]} Bg6 {[%emt 0:03:33]} 14. Qf3 {[%emt 0:02:51]} Bxd4 {[%emt 0:08:09]} 15. h4 {[%emt 0:01:56]} Nd7 {[%emt 0:23:36]} 16. hxg5 {[%emt 0:01:42]} hxg5 {[%emt 0:00:05]} 17. Bxg5 {[%emt 0:01:19]} Kg7 {[%emt 0:00:05]} 18. Rad1 {[%emt 0:01:37]} Be5 {[%emt 0:06:16]} 19. Nb5 {[%emt 0:06:07]} Rh8 {[%emt 0:05:12]} 20. Rxe5 Nxe5 21. Qc3 {[%emt 0:05:22]} f6 {[%emt 0:00:05]} 22. Nxc7 {[%emt 0:00:40]} Qc8 {[%emt 0:10:42]} 23. d6 {[%emt 0:10:39]} Qg4 {[%emt 0:01:45]} 24. Ne6+ {[%emt 0:08:41]} Kf7 {[%emt 0:02:50]} 25. Rd4 {[%emt 0:06:31]} Qxe6 {[%emt 0:02:08]} 26. Qc7 {[%emt 0:03:20]} Rae8 {[%emt 0:03:11]} 27. Rf4 {[%emt 0:00:28]} Qxb3 {[%emt 0:01:22]} 28. axb3 {[%emt 0:02:03]} Ke6 {[%emt 0:00:04]} 29. Bh4 {[%emt 0:01:43]} Bf5 {[%emt 0:00:25]} 30. Qxb7 {[%emt 0:03:15]} Ng6 {[%emt 0:02:47]} 31. Rd4 {[%emt 0:06:17]} Nxh4 {[%emt 0:01:09]} 32. d7 {[%emt 0:04:34]} Kf7 33. dxe8=Q+ {[%emt 0:00:21]} Rxe8 {[%emt 0:00:32]} 34. Rxh4 {[%emt 0:00:23]} Bxc2 {[%emt 0:00:15]} 35. Qd5+ {[%emt 0:00:14]} e6 {[%emt 0:00:03]} 36. Qc4 {[%emt 0:00:23]} Bg6 {[%emt 0:00:22]} 37. Rd4 {[%emt 0:00:07]} Re7 {[%emt 0:00:13]} 38. Qc6 {[%emt 0:00:17]} Bf5 {[%emt 0:00:20]} 39. Rd7 {[%emt 0:00:08]} 1-0